000 00398nam a2200157Ia 4500
008 231217s9999 xx 000 0 und d
020 _a8178811251
041 _aEnglish
082 _a658.404 BHA;1 R
100 _aBhaskaran, R ed.
245 0 _aFinancial risk management
260 _c2004
_bIcfai
_aHyderabad
300 _aix, 166+A10
650 _aFinancial,risk,management
942 _cAA
999 _c187614
_d187614